Finite element handbook / (Record no. 60956)

000 -LEADER
fixed length control field 01080cam a2200289 a 4500
001 - CONTROL NUMBER
control field 2404381
003 - CONTROL NUMBER IDENTIFIER
control field NUST-PNEC
005 - DATE AND TIME OF LATEST TRANSACTION
control field 20170116180711.0
008 - FIXED-LENGTH DATA ELEMENTS--GENERAL INFORMATION
fixed length control field 860303s1987 nyua b 001 0 eng
010 ## - LIBRARY OF CONGRESS CONTROL NUMBER
LC control number 86003051
020 ## - INTERNATIONAL STANDARD BOOK NUMBER
International Standard Book Number 007033305X
040 ## - CATALOGING SOURCE
Original cataloging agency DLC
Transcribing agency DLC
Modifying agency DLC
050 00 - LIBRARY OF CONGRESS CALL NUMBER
Classification number TA347.F5
Item number F578 1987
082 00 - DEWEY DECIMAL CLASSIFICATION NUMBER
Classification number 510.202 KAR
100 ## - MAIN ENTRY--PERSONAL NAME
9 (RLIN) 538
Personal name Kardestuncer, H.
245 00 - TITLE STATEMENT
Title Finite element handbook /
Statement of responsibility, etc. H. Kardestuncer, editor-in-chief; D.H. Norrie, project editor; part editors, F. Brezzi ... [et al.].
260 ## - PUBLICATION, DISTRIBUTION, ETC.
Place of publication, distribution, etc. New York :
Name of publisher, distributor, etc. McGraw-Hill,
Date of publication, distribution, etc. c1987.
300 ## - PHYSICAL DESCRIPTION
Extent 1 v. (various pagings) :
Other physical details ill. ;
Dimensions 25 cm.
500 ## - GENERAL NOTE
General note Includes Index http://www.amazon.com/Finite-Element-Handbook-H-Kardestuncer/dp/007033305X/ref=sr_1_1?s=books&ie=UTF8&qid=1412917007&sr=1-1&keywords=007033305X
504 ## - BIBLIOGRAPHY, ETC. NOTE
Bibliography, etc. note Includes bibliographies and index.
650 #0 - SUBJECT ADDED ENTRY--TOPICAL TERM
Topical term or geographic name entry element Finite element method.
General subdivision ME
700 1# - ADDED ENTRY--PERSONAL NAME
Personal name Kardestuncer, Hayrettin.
700 1# - ADDED ENTRY--PERSONAL NAME
Personal name Norrie, D. H.
700 1# - ADDED ENTRY--PERSONAL NAME
Personal name Brezzi, F.
Fuller form of name (Franco),
Dates associated with a name 1945-
906 ## - LOCAL DATA ELEMENT F, LDF (RLIN)
a 7
b cbc
c orignew
d 1
e ocip
f 19
g y-gencatlg
942 ## - ADDED ENTRY ELEMENTS (KOHA)
Source of classification or shelving scheme
Koha item type Book
Holdings
Withdrawn status Lost status Source of classification or shelving scheme Damaged status Not for loan Permanent Location Current Location Shelving location Date acquired Source of acquisition Cost, normal purchase price Total Checkouts Full call number Barcode Date last seen Date last checked out Cost, replacement price Price effective from Koha item type
          Pakistan Navy Engineering College (PNEC) Pakistan Navy Engineering College (PNEC) Reference 12/03/1989 Abras Sons 1203.79 1 510.202 KAR PNECLIB-012946 10/14/2016 10/14/2016 1203.79 12/03/1989 Book
© 2023 Central Library, National University of Sciences and Technology. All Rights Reserved.